| 000 | 00530nam a2200193Ia 4500 | ||
|---|---|---|---|
| 003 | LDD | ||
| 008 | 181029s9999 xx 000 0 und d | ||
| 020 |
_a8183241530 _c495.00 |
||
| 040 | _cLDD | ||
| 100 | _aDevi, S.Dayabati | ||
| 245 | 0 |
_aAgeing in woman _cS.Dayabati Devi |
|
| 260 |
_aNew Delhi _bMittal _c2006 |
||
| 300 | _axxii, 225p | ||
| 365 | _b495.00 | ||
| 901 |
_a3633 _b08-01-2007 |
||
| 902 |
_aSBS/61/D/06 _b15-01-2007 _cF _dSBS _e64 |
||
| 903 |
_aDiscount-10 _bReqst by : Anu J. Thomas |
||
| 942 |
_2ddc _cBK |
||
| 999 |
_c77093 _d77093 |
||